[Event "Tilburg Fontys"]
[Site "Tilburg"]
[Date "1998.10.24"]
[Round "2"]
[White "Anand, Viswanathan"]
[Black "Kramnik, Vladimir"]
[Result "1-0"]
[WhiteElo "2795"]
[BlackElo "2780"]
[Annotator "Anand,V"]
[PlyCount "69"]
[EventDate "1998.10.23"]
[EventType "tourn"]
[EventRounds "11"]
[EventCountry "NED"]
[EventCategory "18"]
[SourceTitle "EXT 1999"]
[Source "ChessBase"]
[SourceDate "1998.11.16"]
[SourceVersion "1"]
[SourceVersionDate "1998.11.16"]
[SourceQuality "1"]

{I had drawn 7 times with White against Vlady before this game!} 1. e4 {
Blatny,P. Hecht} e5 2. Nf3 Nf6 3. Nxe5 d6 4. Nf3 Nxe4 5. d4 d5 6. Bd3 Nc6 7.
O-O Be7 8. Re1 {In general, the lines with c4 work better directly, so this
was the first hint that I didn't intend to play c4 today.} Bg4 9. c3 f5 10. Qb3
O-O 11. Nbd2 Na5 {11...Kh8 is the other critical line, and Shirov played it
against Ivanchuk in Dortmund. This this line (11...Na5) has a good reputation
theoretically speaking, so I expected this.} 12. Qa4 Nc6 13. Bb5 Nxd2 14. Nxd2
Qd6 {Thus far, my game against Yusupov, but now a new twist.} 15. h3 $3 {
My second, Ubilava suggested this before continuing Nb3-c5. We soon realized
that there is a huge difference between Bg4 and Bh5.   Blatny,P: 'Anand hat
seine fruehere Partie gegen Jussupow offensichtlich sehr tief analysiert und
eine starke Neuerung gefunden. Der Bauer auf h2 wird nicht geschlagen und Lh5
haengt mit Schach, wie wir weiter sehen werden!'} (15. Nb3 Bh4 16. Rf1 f4 (
16... Qg6 $5 {This strong move forces White to react quickly} 17. Bf4 Bh3 18.
g3 {White will have some for the exchange here.} (18. Bg3 f4 $1)) 17. f3 Bf5
18. Nc5 Qg6 19. Qd1 Bh3 20. Qd2 Rae8 21. Nd3 a6 22. Bxc6 bxc6 23. Ne5 Rxe5 24.
dxe5 Be6 {It's quite difficult for White to use his extra exchange and Black
can still develop a kingside attack, so I decided to force a draw.} 25. Qd4 Bh3
26. Qd2 Be6 27. Qd4 {- Anand,V-Yusupov,A Linares 1993}) 15... Bh5 (15... Bh4
16. hxg4 fxg4 17. Rf1 $1 {I think Black doesn't have enough here. White copes
with the immediate sacrifices easily.} (17. Re2 Rae8) 17... Bxf2+ $140 18. Rxf2
Rxf2 19. Kxf2 Rf8+ 20. Ke2 Qg3 {The only trap that White must avoid is:} 21.
Kd1 $1 $18 {Two pieces are probably enough!} (21. Bxc6 $4 Rf2+ $1 22. Kd1 Qd3
23. Bxd5+ Kf8 24. Qb4+ Ke8 25. Bf7+ $1 Kd7 26. Qa4+ b5 27. Qxb5+ Qxb5 $19)) 16.
Nb3 Bh4 (16... f4 {Blatny,P} 17. Bxc6 {/\Re5}) (16... Nd8 {Blatny,P} 17. Bf4 $1
Qxf4 18. Rxe7 c6 19. Bd3 {<->7}) 17. Nc5 Bxf2+ $2 {'?!' Blatny,P. Blatny,P:
'Schwarz hat den wichtigen Unterschied gegenueber oben genannten Partie nicht
entdeckt. Das Opfer funktioniert jetzt nicht mehr.'} (17... Rae8 $2 18. Bg5 $1
$18) (17... f4 18. Re6 $1 (18. Nxb7 Qg6 19. Kf1 (19. Bxc6 Bf3) 19... Bxf2 $1
20. Bxc6 Bxe1 $19) 18... Qd8 19. Nd3 $1 (19. Nxb7 $2 Bxf2+ 20. Kxf2 (20. Kh1
Qh4 21. Bxc6 (21. Bf1 f3 22. Qxc6 fxg2+ 23. Bxg2 Bf3 $19) 21... Bf3 $1) 20...
Qh4+ 21. Kg1 f3 22. Qc2 (22. Bxc6 Qg3 23. Qc2 f2+ 24. Kf1 Qxg2+ $1 25. Kxg2
f1=Q+ $19) 22... f2+ 23. Kf1 Qg3 $19) (19. f3 $5 Bxf3 (19... Qg5 20. g4 $1) 20.
gxf3 Qg5+ 21. Kh1 Qg3 22. Qc2 Qxh3+ 23. Qh2 Qxf3+ 24. Qg2 $14) (19. Bf1 {
A good defensive move.} Qc8 20. Bd2 $14) 19... f3 20. g3 $16) (17... Nd8 {
Not pretty, but Black has to grovel a bit since his attack will not work.} 18.
Bf1 $1 {Qd7} c6 (18... b6 19. Nd3 Ne6 20. Qb4 $1 $16) 19. Nd3 Ne6 20. b3 $1 $16
) 18. Kxf2 Qh2 19. Bxc6 bxc6 (19... f4 20. Bxd5+ Kh8 21. Nd3 $1 f3 22. Nf4 Rxf4
(22... fxg2 23. Bxg2 Rxf4+ 24. Bxf4 Rf8 25. Re4 $18) 23. Bxf4 Qxg2+ 24. Ke3 $18
) 20. Qxc6 f4 {Black has nothing else.} 21. Qxd5+ Kh8 (21... Bf7 22. Qf3 (22.
Qg5 {Is also possible.}) 22... Bh5 23. Qxh5 {Transposes}) 22. Qxh5 f3 {In my
preparation, I had analysed 23.Qxf3, but during the game, I noticed that White
has 23.Bxh6 .} (22... Qg3+ 23. Kf1 f3 24. gxf3 {Quite simple - the knight on
c5 and the queen on h5 control all the keysquares.} Rxf3+ 25. Ke2 $18) 23. Qxf3
$1 {Actually, this is quite a safe line, so I decided to stick to it.} (23. Bh6
$1 {This seems to be correct.} fxg2+ 24. Ke3 Qg3+ (24... g1=Q+ 25. Rxg1 Qf2+
26. Kd3 Rf3+ 27. Qxf3 $1 Qxf3+ 28. Be3 $18 {Similar to the game.}) 25. Kd2 g1=Q
{At this point, I decided that23.Qxf3 was much more sensible. After I played
it, I realized that 26.Bxg7+ was winning for White.} (25... Rf2+ 26. Re2 g1=Q
27. Rxg1 Qxg1 28. Bxg7+ Kxg7 29. Qe5+ $18) 26. Bxg7+ $1 (26. Rxg1 $2 Rf2+ 27.
Qe2 Rxe2+ 28. Kxe2 Re8+ $19) 26... Kg8 27. Rxg1 Rf2+ 28. Qe2 Rxe2+ 29. Kxe2
Re8+ 30. Be5 $18) 23... Rxf3+ 24. Kxf3 Rf8+ 25. Ke2 Qxg2+ (25... Re8+ $1 {
More accurate.} 26. Be3 Qxg2+ 27. Kd3 Qxb2 28. Bc1 $1 Qb5+ 29. c4 Qc6 30. Rxe8+
Qxe8 31. Be3 $18) 26. Kd3 Qxh3+ 27. Kc2 $1 (27. Be3 {My original intention,
but at the board, I changed my mind.} Rf2 $1 {This complicates matters a bit.})
27... Qg2+ (27... Qf5+ 28. Nd3 $18) 28. Bd2 Qg6+ 29. Re4 $1 (29. Nd3 Rf3 30.
Re3) 29... h5 (29... Re8 30. Rg1 $1 $18) 30. Rae1 Re8 31. Kc1 Rxe4 32. Nxe4 $1
{This finishes it - after Ng5, Black's pawns are firmly blockaded.  Hecht:
'Der Springer gelangt nach g5, wonach die schwarzen Freibauern keine Gefahr
mehr darstellen. Dagegen geht es dem schwarzen König an den Kragen.'} h4 33.
Ng5 Qh5 34. Re3 Kg8 35. c4 {Kramnik resigned.} 1-0

[Event "Sofia MTel Masters 2nd"]
[Site "Sofia"]
[Date "2006.05.12"]
[Round "2"]
[White "Topalov, Veselin"]
[Black "Anand, Viswanathan"]
[Result "0-1"]
[WhiteElo "2804"]
[BlackElo "2803"]
[Annotator "Anand,V"]
[PlyCount "72"]
[EventDate "2006.05.11"]
[EventType "tourn"]
[EventRounds "10"]
[EventCountry "BUL"]
[EventCategory "20"]
[SourceTitle "CBM 113"]
[Source "ChessBase"]
[SourceDate "2006.07.31"]
[SourceVersion "1"]
[SourceVersionDate "2006.07.31"]
[SourceQuality "1"]

1. e4 e5 2. Nf3 Nc6 3. Bb5 a6 4. Ba4 Nf6 5. O-O Be7 6. Re1 b5 7. Bb3 O-O 8. h3
Bb7 9. d3 Re8 10. c3 h6 11. Nbd2 (11. a4 {would transpose to our game from
Monaco, but it isn´t necessary to commit the a-pawn yet.}) 11... Bf8 12. a3 d6
13. Ba2 Nb8 14. b4 (14. Nh4 {was Topalov´s choice against Adams, but 7 years
later (!) he tries another approach}) 14... c5 15. Nb3 Nc6 16. Rb1 {Trying to
create some veiled threats on the b-line.} (16. Be3 a5 $1 17. bxc5 a4 {This
looks fine for Black}) 16... Bc8 $1 {The standard manouver in the
Anti-Marshall. The bishop has done its duty on b7 and can now neutralize Ba2.}
17. Be3 Be6 18. Qc2 Rc8 19. Qb2 c4 (19... Nd7 {seems like a reasonable
alternative}) 20. dxc4 Bxc4 {Sane and solid.} (20... Nxe4 $5 {The computers go
for this of course} 21. cxb5 axb5 22. Bxh6 $5 Nxc3 $1 23. Qxc3 gxh6 {But the
comps have a point. The pair of bishops and the centrepawns should be more
relevant than some imaginary white kingside attack.}) 21. Nbd2 Bxa2 22. Qxa2 d5
23. Rbd1 d4 24. cxd4 exd4 25. Nb3 $6 (25. Bf4 $5 {Seems a much better chance,
especially as white can even fight for the initiative if Black plays the
principled:} Qd7 (25... a5 26. bxa5 Qxa5 {When} (26... Nxa5 27. Qb2) 27. e5 $1
{Followed by e6 annoys in time, before a3 starts dropping.}) (25... Re6 26. Qb1
) 26. Qb1 Rcd8 {leads to a complex position}) (25. Nxd4 Nxd4 26. Nb3 {leads to
equality.}) 25... Nxe4 26. Bxd4 $2 {This is the real mistake. with 26 Qb2!
white could still certainly keep the damage within limits.} Nxd4 27. Rxd4 Ng5
$1 28. Ne5 (28. Rxd8 Nxf3+ 29. gxf3 Rxe1+ 30. Kg2 Rxd8 $19) (28. Rxe8 Nxf3+ 29.
gxf3 Qxe8 $17) 28... Nxh3+ 29. gxh3 Qg5+ 30. Kh2 Qf5 $3 {However some exact
calculation finishes the game much more efficiently.} (30... Rxe5 31. f4 Qg6
32. Rxe5 Rc2+ 33. Qxc2 Qxc2+ 34. Nd2 {Leaves Black with a technical task.}) 31.
Rde4 (31. Qe2 Rxe5 32. Qxe5 Qxf2+ 33. Kh1 Rc3 $1 34. Rh4 Bd6 $1 $19) 31... Rxe5
$1 32. Rxe5 Bd6 33. Nc5 Bxe5+ 34. Kg2 Rc6 35. Qb3 Rg6+ 36. Kf1 Bg3 {36...Rg3!?
is maybe flashier, but this certainly is good enough. White resigned.} 0-1

[Event "Corus"]
[Site "Wijk aan Zee"]
[Date "2008.01.20"]
[Round "8"]
[White "Anand, Viswanathan"]
[Black "Topalov, Veselin"]
[Result "1-0"]
[WhiteElo "2799"]
[BlackElo "2780"]
[Annotator "Ftacnik,L"]
[PlyCount "79"]
[EventDate "2008.01.12"]
[EventType "tourn"]
[EventRounds "13"]
[EventCountry "NED"]
[EventCategory "20"]
[SourceTitle "CBM 122"]
[Source "ChessBase"]
[SourceDate "2008.01.30"]
[SourceVersion "1"]
[SourceVersionDate "2008.01.30"]
[SourceQuality "1"]

1. e4 c5 2. Nf3 d6 3. d4 cxd4 4. Nxd4 Nf6 5. Nc3 a6 6. Be3 e5 7. Nb3 Be6 8. f3
h5 9. Nd5 Bxd5 10. exd5 Nbd7 11. Qd2 g6 12. O-O-O Nb6 {Topalov is convinced,
that the counterplay against the d5-pawn will compensate for the missing light
squared bishop.} (12... Rc8 13. Kb1 Bg7 14. c4 O-O 15. Be2 Re8 16. Rc1 b6 17.
Rhf1 Nc5 18. Nxc5 bxc5 19. Bg5 Rb8 20. Rc2 e4 21. Qf4 e3 22. g4 a5 23. Rg1 a4
24. Bxf6 Bxf6 25. gxh5 Be5 26. Qg5 Qb6 {0-1 Li Wenjun (2342)-Wu Shaobin (2496)/
Shenyang 1999/ (46)}) (12... Bg7 13. Qb4 Qc7 14. Na5 O-O 15. Nc4 Ne8 16. Nb6
Nxb6 17. Bxb6 Qe7 18. Kb1 Nf6 19. c4 Rfc8 20. Bd3 Nd7 21. Be3 {1-0 Dolzhikova,
K (2248)-Batsiashvili,N (2316)/Herceg Novi 2005/ (80)}) 13. Qa5 (13. c4 $6 Rc8
14. Na5 Nfxd5 15. Bg5 Qxg5 16. Qxg5 Bh6 17. Qxh6 Rxh6 18. Nxb7 Kd7 $11) 13...
Bh6 (13... Nfd7 14. Kb1 Bh6 15. Bf2 $16) 14. Bxh6 Rxh6 15. Kb1 Rc8 16. Qb4 $5 {
Anand demonstrates his exceptional feeling for the pieces. The vulnerability
of the h6-rook is helping to lessen the pressure against the d5-pawn.} Kf8 (
16... Nfxd5 17. Rxd5 Nxd5 18. Qd2 Qc7 (18... Nf4 19. g3 Qf6 20. gxf4 Qxf4 21.
Qd5 Rc7 22. Nd2 $14) 19. c4 Nf4 20. g3 b5 21. cxb5 Ne6 22. Be2 Rh8 23. Rc1 $16)
17. c4 Kg7 18. g3 $1 {The fixed queenside has helped the first player to avoid
problems with his king. On the other hand any activity on the kingside is
desirable for White.} Rh8 (18... g5 $6 19. Bd3 g4 20. f4 $16) 19. Rc1 Qc7 20.
Bh3 Rce8 21. Rhd1 (21. Rhe1 Nbd7 22. Re3 Ra8 $13) 21... Re7 {Topalov in the
role of a defender must be very careful about timing of the strategic advance
with his e5 pawn.} (21... e4 $6 22. c5 $1 Nbxd5 (22... dxc5 23. Nxc5 Qd6 24.
fxe4 Rxe4 (24... Nxe4 25. Qd4+ Nf6 26. Nxb7 $18) 25. Qa3 Qe5 26. Nxe4 Qxe4+ 27.
Qd3 $18) 23. Rxd5 Nxd5 24. Qd4+ Nf6 25. cxd6 Qb8 26. Nd2 exf3 27. d7 Re7 28.
Rc8 Rxd7 29. Bxd7 Rxc8 30. Ne4 $16) 22. a3 (22. c5 Nbxd5 23. Rxd5 Nxd5 24. Qd2
Qc6 25. Na5 Qc7 (25... Qb5 $2 26. cxd6 Ree8 27. Bf1 $18) 26. Nb3 $11) 22... Rd8
(22... e4 $6 23. c5 $1 dxc5 (23... Nbxd5 24. Rxd5 Nxd5 25. Qd4+ $16) 24. Nxc5
Nbxd5 25. Ne6+ fxe6 26. Rxc7 Rxc7 27. Qb3 $16) 23. Nd2 Nbd7 $6 {Innaccuracies
against the world champion can have the impact of real mistakes. Black must
have been very unhappy about the missed opportunity to equalise with a timely
23...e4!} (23... e4 $1 24. Qc3 (24. Nxe4 Nxe4 25. fxe4 Rxe4 26. Bg2 $11) (24.
f4 $6 e3 25. Nf3 e2 26. Re1 Rde8 $17) 24... Na4 25. Qc2 (25. Qd4 exf3 26. Rf1
Qc5 $15) 25... Nc5 26. fxe4 Nfxe4 27. Nxe4 Nxe4 $11) 24. Qc3 a5 (24... Nc5 25.
b4 Ncd7 26. g4 $14) 25. Bxd7 (25. g4 $5) 25... Nxd7 (25... Rdxd7 26. Rf1 Qb6
27. Ne4 Nxe4 28. fxe4 Rc7 29. Qf3 $14) 26. f4 Nf6 {[%mdl 256] Topalov has lost
confidence in his position and the next few moves will push him slowly under.
Objectively speaking his chances were still very fair after the correct 26...
Nc5!?} (26... Nc5 $5 27. Re1 f6 $11) 27. Rf1 b6 (27... b5 $5 28. fxe5 Rxe5 (
28... dxe5 29. Qf3 $16) 29. Nf3 Rf5 30. Nh4 (30. Nd4 Rxf1 31. Rxf1 Qxc4 32.
Ne6+ fxe6 33. Qxf6+ Kh6 $11 (33... Kh7 $2 34. Rc1 $16)) 30... Re5 31. cxb5 $14)
28. h3 Qd7 $6 (28... b5 $1) 29. f5 $1 {In the post mortem Anand claimed this
position to be strategically winning. True enough it comes very naturally for
White to enhance the pressure.} (29. fxe5 dxe5 (29... Rxe5 30. Nf3 Rf5 31. g4
$18) 30. Rce1 $16) 29... Rf8 (29... gxf5 $2 30. Qe3 Nh7 31. Nf3 $16) 30. Qe3 e4
(30... a4 31. Ne4 Nxe4 32. Qxe4 f6 33. g4 $16) 31. g4 hxg4 32. hxg4 Re5 (32...
Nxg4 $2 33. Qg5 Nf6 (33... e3 34. f6+ $18) 34. Rh1 Nh5 35. f6+ Kg8 36. Rxh5 $18
) 33. Rf4 $1 {White is already spoiled by the pleasant choice of promising
attacking ideas.} (33. Rh1 Nxg4 34. Qh3 Qxf5 (34... gxf5 35. Qh7+ Kf6 36. Qh4+
Kg6 37. Rcg1) 35. Qh7+ Kf6 36. Rcf1 Nf2 37. Qh4+ $16) 33... Qd8 34. g5 Nh5 (
34... Nd7 35. f6+ Kg8 36. Rh1 $18) 35. f6+ Kg8 36. Rxe4 Rfe8 37. Ka2 $1 {
Black has no squares along the e file so it is not necessary to worry about
the pin.} a4 38. Rc3 (38. Re1 Rxe4 39. Nxe4 Qc7 40. Rc1 $18) 38... Qc7 39. Qd4
Qc5 (39... Rxe4 40. Nxe4 Qd7 41. Nf2 Qf5 42. Re3 $18) 40. Qxc5 {Topalov never
really began believing in his position even though he played many reasonable
moves and kept his chances alive.} (40. Qxc5 bxc5 41. Rce3 Rxe4 42. Rxe4 $18)
1-0

[Event "Corus"]
[Site "Wijk aan Zee"]
[Date "2010.01.30"]
[Round "12"]
[White "Anand, Viswanathan"]
[Black "Kramnik, Vladimir"]
[Result "1-0"]
[WhiteElo "2790"]
[BlackElo "2788"]
[Annotator "Anand,V"]
[PlyCount "89"]
[EventDate "2010.01.16"]
[EventType "tourn"]
[EventRounds "13"]
[EventCountry "NED"]
[EventCategory "19"]
[SourceTitle "CBM 135"]
[Source "ChessBase"]
[SourceDate "2010.03.17"]
[SourceVersion "1"]
[SourceVersionDate "2010.03.17"]
[SourceQuality "1"]

1. e4 e5 2. Nf3 Nf6 3. Nxe5 d6 4. Nf3 Nxe4 5. d4 d5 6. Bd3 Nc6 7. O-O Be7 8. c4
Nb4 9. Be2 O-O 10. Nc3 Bf5 11. a3 Nxc3 12. bxc3 Nc6 13. Re1 Re8 14. cxd5 Qxd5
15. Bf4 Rac8 16. h3 Be4 17. Qc1 Na5 18. Qe3 Bf8 (18... Bd6) (18... Bf5) 19. c4
Qd8 (19... Nxc4 20. Bxc4 Qxc4 21. Nd2 $18) 20. Ne5 Bf5 21. Qc3 b6 22. Rad1 (22.
c5 $1 Be6 23. Ba6 Ra8 24. Bb5 Re7 25. Rad1 Bd5 26. Bd3 $36) 22... Qf6 (22... f6
$1 23. Nd3 (23. Ng4 Bd6 24. Bxd6 cxd6 25. Ne3 Be6 $11)) 23. Qg3 (23. c5 $1 Be6
(23... Bxh3 24. Qg3 $1 (24. Qxh3 Qxf4 25. Bd3 g6 26. Re4) 24... Bf5 25. Bg5 Qe6
26. Bh5 g6 (26... Bg6 27. Bg4 Qd5 28. Bxc8 Rxc8 29. Nxg6 $18) 27. d5 $18) 24.
Qg3 $16) 23... Nc6 (23... c5 24. d5 Bd6 25. Bh5 g6 26. Re3 Bxe5 27. Bxe5 Rxe5
28. Rxe5 Nxc4 29. Rxf5 $1 Qxf5 30. Bg4 Qc2 31. d6 $18) 24. Ng4 Qg6 25. d5 (25.
Bxc7 Re4 (25... Bc2 26. Rd2 Na5 27. c5 $1 Nb3 28. Rxc2 Qxc2 29. Nh6+ (29. Nf6+
Kh8 30. Nxe8 Rxe8 31. Be5) 29... Kh8 30. Nxf7+ Kg8 31. Nh6+ Kh8 32. Be5 Nxd4
33. Nf7+ (33. Bxd4 Rxe2 34. Rxe2) 33... Kg8 34. Bxd4 Rxe2 35. Rxe2 Qd1+ 36. Kh2
Qxd4 37. Ng5 bxc5 38. Qf3 $16) 26. d5 (26. Bf3 Rxe1+ 27. Rxe1 h5 $132) 26...
Nd4 27. Bf1 Bxg4 28. Rxe4 Qxe4 29. hxg4 Ne2+ 30. Bxe2 Qxe2 31. Rf1 Re8 32. Qf3
Qxc4 33. d6 Qb5 34. Rd1 $14) 25... Na5 (25... Bc2 26. Rd2 (26. Rc1 Nd4) 26...
Na5 27. Rxc2 (27. Bxc7 Nxc4) 27... Qxc2 28. Nh6+ Kh8 29. Nxf7+ Kg8 30. Ne5 $36)
26. Bxc7 Bc2 $2 (26... Bc5 $1 27. Bf1 h5 28. Rxe8+ (28. Ne3 Qxg3 29. Bxg3 Bd7)
28... Rxe8 29. Ne3 Qxg3 30. Bxg3 Bd7) 27. Rc1 Nb3 28. Rxc2 $1 Qxc2 29. Nh6+ Kh8
30. Nxf7+ Kg8 31. Nh6+ Kh8 32. Nf7+ Kg8 33. Nh6+ Kh8 34. Be5 $1 Qg6 (34... Qd2
35. Nf7+ Kg8 36. Bc3 $1 Qc2 37. Nd6 $18) 35. Bg4 (35. Qxg6 hxg6 36. d6 Rxe5 37.
Nf7+ Kg8 38. Nxe5 (38. d7 Ree8 39. Ng5 Nd4 (39... Nc5 40. dxc8=Q Rxc8 41. Bf3)
40. c5 Nxe2+ 41. Rxe2 Red8 42. dxc8=Q Rxc8 43. cxb6 axb6) 38... Bxd6 39. Nxg6
$16) 35... Rxc4 (35... Rcd8 36. Nf5 $16 (36. Qxb3 Qxh6 (36... Bd6 37. Be6) 37.
Be6 $16)) 36. Qxb3 Rxe5 37. Rxe5 Rc1+ 38. Kh2 Bd6 39. f4 (39. Qe3) 39... Bxe5
40. fxe5 gxh6 (40... Qe4 41. d6 (41. Nf5 Qxe5+ 42. Qg3 Qxd5 43. Qb8+ Qg8 44.
Qxa7 Qf8 45. Qxb6 Rc3 46. a4 h5) 41... Qf4+ 42. Qg3 Rh1+ 43. Kxh1 Qxg3 44. Nf7+
Kg8 45. e6 (45. d7 Qe1+ 46. Kh2 Kxf7 47. d8=Q Qxe5+ 48. g3 Qb2+ 49. Kg1 Qxa3
50. Qd5+) 45... Qe1+ 46. Kh2 Qc1 47. d7 Qf4+ 48. Kg1 Qc1+ 49. Kf2 Qd2+ 50. Be2
Qf4+ 51. Bf3 Qd4+ 52. Kg3) 41. Qe3 Qb1 42. d6 Rh1+ 43. Kg3 Re1 44. Qf4 Rf1 45.
Bf3 1-0